[Event "Cerrado Blitz Benimodo 2018"]
[Site "Benimodo, Spain"]
[Date "2018.08.13"]
[Round "5.2"]
[White "Granero Roca, Antonio"]
[Black "Pena Riasco, Alexander"]
[Result "1-0"]
[WhiteElo "2366"]
[BlackElo "2119"]
[PlyCount "173"]
[EventDate "2018.??.??"]

1. d4 {[%emt 00:00:12]} 1... d5 2. Nf3 {[%clk 00:07:04]} 2... Nf6 {
[%clk 00:07:07]} 3. c4 c6 4. Qc2 {[%clk 00:07:06]} 4... g6 {[%clk 00:07:11]} 5.
e3 {[%clk 00:07:07]} 5... Na6 {[%clk 00:07:10]} 6. a3 {
[%clk 00:07:08]  [%emt 00:00:04]} 6... Nc7 {[%clk 00:07:09]} 7. Nc3 {
[%clk 00:07:09]} 7... Bg7 {[%clk 00:07:11]} 8. Be2 {
[%clk 00:07:08]  [%emt 00:00:03]} 8... O-O {[%clk 00:07:12]  [%emt 00:00:03]}
9. O-O {[%clk 00:07:08]  [%emt 00:00:10]} 9... Bg4 {
[%clk 00:06:49]  [%emt 00:00:28]} 10. h3 {[%clk 00:07:08]} 10... Bxf3 {
[%clk 00:06:51]} 11. Bxf3 {[%clk 00:07:10]} 11... Re8 {
[%clk 00:06:31]  [%emt 00:00:26]} 12. cxd5 {[%clk 00:07:03]  [%emt 00:00:16]}
12... cxd5 {[%clk 00:06:25]  [%emt 00:00:04]} 13. Bd2 {[%clk 00:07:02]} 13...
Rc8 {[%clk 00:06:23]} 14. Qb3 {[%clk 00:07:03]  [%emt 00:00:04]} 14... b6 {
[%clk 00:06:19]  [%emt 00:00:08]} 15. Rac1 {[%clk 00:07:03]  [%emt 00:00:04]}
15... Qd7 {[%clk 00:06:14]  [%emt 00:00:04]} 16. Rc2 {
[%clk 00:06:57]  [%emt 00:00:12]} 16... e6 {[%clk 00:05:49]  [%emt 00:00:22]}
17. Rfc1 {[%clk 00:06:56]  [%emt 00:00:30]} 17... Red8 {[%clk 00:05:46]} 18.
Be2 {[%clk 00:06:56]} 18... Nce8 {[%clk 00:05:38]} 19. Ba6 {[%clk 00:06:54]}
19... Rc7 {[%clk 00:05:34]  [%emt 00:00:09]} 20. Qb5 {
[%clk 00:06:35]  [%emt 00:00:21]} 20... Nd6 {[%clk 00:05:13]  [%emt 00:00:24]}
21. Qxd7 {[%clk 00:06:32]  [%emt 00:00:06]} 21... Rdxd7 {
[%clk 00:04:33]  [%emt 00:00:40]} 22. Nb5 {[%clk 00:06:30]  [%emt 00:00:09]}
22... Rxc2 {[%clk 00:03:37]  [%emt 00:00:55]} 23. Rxc2 {
[%clk 00:06:31]  [%emt 00:00:05]} 23... Nfe8 {[%clk 00:03:14]  [%emt 00:00:23]}
24. Kf1 {[%clk 00:05:59]  [%emt 00:00:38]} 24... Nxb5 {
[%clk 00:03:13]  [%emt 00:00:07]} 25. Bxb5 {[%emt 00:00:04]} 25... Rc7 26. Bc3
{[%clk 00:05:35]  [%emt 00:00:21]} 26... Nd6 {[%clk 00:03:11]  [%emt 00:00:27]}
27. Bd3 {[%clk 00:05:36]} 27... Bf8 {[%clk 00:02:57]  [%emt 00:00:16]} 28. Ke2
{[%clk 00:05:31]} 28... f5 {[%clk 00:02:46]  [%emt 00:00:05]} 29. Kd1 {
[%clk 00:05:23]  [%emt 00:00:13]} 29... h5 {[%clk 00:02:48]  [%emt 00:00:03]}
30. g3 {[%clk 00:05:18]  [%emt 00:00:04]} 30... Kf7 {
[%clk 00:02:38]  [%emt 00:00:19]} 31. a4 {[%clk 00:05:12]  [%emt 00:00:23]}
31... g5 {[%clk 00:02:08]  [%emt 00:00:13]} 32. Be1 {
[%clk 00:05:01]  [%emt 00:00:14]} 32... Rxc2 {[%clk 00:02:07]  [%emt 00:00:10]}
33. Kxc2 {[%clk 00:05:03]} 33... Ke8 {[%clk 00:01:04]  [%emt 00:01:02]} 34. a5
{[%clk 00:05:02]  [%emt 00:00:31]} 34... Kd7 {[%clk 00:01:05]} 35. Be2 {
[%clk 00:04:53]  [%emt 00:00:03]} 35... h4 {[%clk 00:00:58]  [%emt 00:00:04]}
36. gxh4 {[%clk 00:04:53]} 36... gxh4 {[%clk 00:01:01]} 37. f3 {[%clk 00:04:55]
} 37... Be7 {[%clk 00:01:03]} 38. Kb3 {[%clk 00:04:51]  [%emt 00:00:04]} 38...
Nf7 {[%clk 00:01:03]  [%emt 00:00:04]} 39. Ka4 {
[%clk 00:04:32]  [%emt 00:00:19]} 39... Kc7 {[%clk 00:01:00]  [%emt 00:00:35]}
40. Bb5 {[%clk 00:04:12]  [%emt 00:00:04]} 40... Bf6 {
[%clk 00:00:55]  [%emt 00:00:04]} 41. b3 {[%clk 00:03:46]  [%emt 00:00:22]}
41... Nd6 {[%clk 00:00:55]  [%emt 00:00:36]} 42. Bd3 {[%clk 00:03:43]} 42...
Nb7 {[%emt 00:00:03]} 43. b4 {[%clk 00:03:25]  [%emt 00:00:11]} 43... Nd6 {
[%clk 00:00:37]  [%emt 00:00:20]} 44. Be2 {[%clk 00:03:00]  [%emt 00:00:15]}
44... Kc6 {[%clk 00:00:39]  [%emt 00:00:04]} 45. axb6 {
[%clk 00:02:54]  [%emt 00:00:05]} 45... axb6 {[%clk 00:00:41]} 46. b5+ {
[%clk 00:02:49]  [%emt 00:00:10]} 46... Kd7 {[%clk 00:00:39]  [%emt 00:00:11]}
47. Bd3 {[%clk 00:02:46]  [%emt 00:00:18]} 47... Ne8 {
[%clk 00:00:23]  [%emt 00:00:03]} 48. Kb3 {[%clk 00:02:42]  [%emt 00:00:06]}
48... Ng7 {[%clk 00:00:25]} 49. Kc3 {[%clk 00:02:37]  [%emt 00:00:18]} 49...
Nh5 {[%clk 00:00:27]} 50. Kd2 {[%clk 00:02:06]  [%emt 00:00:23]} 50... Be7 {
[%clk 00:00:23]  [%emt 00:00:36]} 51. Ke2 {[%clk 00:02:01]} 51... Ng7 {
[%clk 00:00:23]  [%emt 00:00:06]} 52. e4 {[%clk 00:01:58]} 52... fxe4 {
[%clk 00:00:19]} 53. fxe4 {[%clk 00:01:59]} 53... dxe4 {
[%clk 00:00:14]  [%emt 00:00:06]} 54. Bxe4 {[%clk 00:02:01]} 54... Nf5 {
[%clk 00:00:15]  [%emt 00:00:15]} 55. Kd3 {[%clk 00:01:56]  [%emt 00:00:03]}
55... Ng3 {[%clk 00:00:09]} 56. Bc6+ {[%clk 00:01:54]  [%emt 00:00:03]} 56...
Kc7 {[%clk 00:00:11]} 57. Bd2 {[%clk 00:01:47]  [%emt 00:00:07]} 57... Bf6 {
[%clk 00:00:11]  [%emt 00:00:36]} 58. Bf4+ {[%clk 00:01:43]} 58... Kc8 {
[%clk 00:00:14]} 59. Bf3 {[%clk 00:01:15]  [%emt 00:00:06]} 59... Kd7 {
[%clk 00:00:14]  [%emt 00:00:34]} 60. Kc4 {[%clk 00:01:09]  [%emt 00:00:04]}
60... Nf5 {[%clk 00:00:14]} 61. d5 {[%clk 00:01:04]} 61... exd5+ {
[%clk 00:00:15]} 62. Kxd5 {[%clk 00:01:04]} 62... Ng3 {
[%clk 00:00:11]  [%emt 00:00:04]} 63. Bg4+ {[%clk 00:01:01]  [%emt 00:00:03]}
63... Kd8 {[%clk 00:00:12]} 64. Kc6 {[%clk 00:01:02]  [%emt 00:00:03]} 64...
Bd4 {[%clk 00:00:14]} 65. Bc7+ {[%clk 00:01:01]  [%emt 00:00:04]} 65... Ke7 {
[%clk 00:00:12]  [%emt 00:00:04]} 66. Bxb6 {[%clk 00:01:03]  [%emt 00:00:03]}
66... Be5 {[%clk 00:00:08]  [%emt 00:00:07]} 67. Bc5+ {
[%clk 00:00:58]  [%emt 00:00:06]} 67... Kd8 {[%clk 00:00:09]  [%emt 00:00:03]}
68. b6 {[%clk 00:01:00]  [%emt 00:00:03]} 68... Ne4 {[%clk 00:00:11]} 69. Be3 {
[%clk 00:00:49]  [%emt 00:00:11]} 69... Nf6 {[%clk 00:00:12]  [%emt 00:00:20]}
70. Bg5 {[%clk 00:00:43]} 70... Ke8 {[%clk 00:00:13]} 71. Bxh4 {
[%clk 00:00:40]  [%emt 00:00:03]} 71... Ne4 {[%emt 00:00:43]} 72. Bf5 {
[%clk 00:00:33]} 72... Nc3 {[%clk 00:00:06]} 73. Bd7+ {
[%clk 00:00:28]  [%emt 00:00:04]} 73... Kf7 {[%clk 00:00:08]} 74. Bd8 {
[%clk 00:00:29]} 74... Na4 {[%clk 00:00:09]} 75. Kd5 {
[%clk 00:00:15]  [%emt 00:00:04]} 75... Nxb6+ {[%clk 00:00:10]  [%emt 00:00:06]
} 76. Bxb6 {[%clk 00:00:17]} 76... Bb2 {[%clk 00:00:10]  [%emt 00:00:04]} 77.
Bg4 {[%clk 00:00:18]} 77... Kg7 {[%clk 00:00:12]} 78. Ke4 {
[%clk 00:00:17]  [%emt 00:00:04]} 78... Kh8 {[%clk 00:00:14]  [%emt 00:00:08]}
79. Kf5 {[%clk 00:00:19]} 79... Bc3 {[%clk 00:00:16]} 80. Kg6 {[%clk 00:00:20]}
80... Bb2 {[%clk 00:00:18]  [%emt 00:00:03]} 81. h4 {[%clk 00:00:17]} 81... Bc3
{[%clk 00:00:18]  [%emt 00:00:04]} 82. h5 {[%clk 00:00:19]} 82... Bb2 {
[%clk 00:00:08]  [%emt 00:00:13]} 83. Be6 {[%clk 00:00:21]  [%emt 00:00:19]}
83... Be5 {[%clk 00:00:09]} 84. Bc5 {[%clk 00:00:20]} 84... Bb2 {
[%clk 00:00:09]} 85. Bf8 {[%clk 00:00:21]} 85... Bc3 {[%clk 00:00:07]} 86. h6 {
[%clk 00:00:21]  [%emt 00:00:11]} 86... Bb2 {[%clk 00:00:05]} 87. Bg7+ {
[%clk 00:00:22]  [%emt 00:00:03]} 1-0

[Event "Cerrado Blitz Benimodo 2018"]
[Site "Benimodo, Spain"]
[Date "2018.08.13"]
[Round "5.4"]
[White "Galvan Cipriani, Viviana"]
[Black "Valentin Pascual, Cesar"]
[Result "0-1"]
[WhiteElo "1948"]
[BlackElo "2098"]
[PlyCount "83"]
[EventDate "2018.??.??"]

1. c4 {[%clk 00:07:05]  [%emt 00:00:14]} 1... Nf6 {[%clk 00:07:01]} 2. Nc3 {
[%clk 00:07:06]} 2... Nc6 {[%clk 00:07:03]} 3. g3 {
[%clk 00:07:06]  [%emt 00:00:03]} 3... e5 {[%clk 00:07:04]} 4. Bg2 {
[%clk 00:07:08]  [%emt 00:00:03]} 4... d6 {[%clk 00:07:06]} 5. d3 {
[%clk 00:07:08]  [%emt 00:00:03]} 5... Be7 {[%clk 00:07:07]  [%emt 00:00:03]}
6. Nf3 {[%clk 00:07:01]  [%emt 00:00:12]} 6... Bg4 {
[%clk 00:07:09]  [%emt 00:00:04]} 7. O-O {[%clk 00:07:02]} 7... Qd7 {
[%clk 00:07:12]} 8. Re1 {[%clk 00:07:04]} 8... Bh3 {
[%clk 00:07:00]  [%emt 00:00:10]} 9. Bh1 {[%clk 00:07:05]  [%emt 00:00:07]}
9... h5 {[%clk 00:06:56]  [%emt 00:00:05]} 10. Bg5 {
[%clk 00:06:30]  [%emt 00:00:35]} 10... h4 {[%clk 00:06:06]  [%emt 00:00:56]}
11. Bxh4 {[%clk 00:05:59]  [%emt 00:00:30]} 11... Ng4 {
[%clk 00:05:26]  [%emt 00:00:43]} 12. Bxe7 {[%clk 00:05:07]  [%emt 00:00:55]}
12... Nxe7 {[%clk 00:05:20]  [%emt 00:00:10]} 13. e4 {
[%clk 00:04:01]  [%emt 00:01:19]} 13... Ng6 {[%clk 00:04:48]  [%emt 00:00:26]}
14. Qe2 {[%clk 00:03:29]  [%emt 00:00:33]} 14... O-O-O {
[%clk 00:04:24]  [%emt 00:00:28]} 15. Nd5 {[%clk 00:01:59]  [%emt 00:01:32]}
15... Rh6 {[%clk 00:03:53]  [%emt 00:00:45]} 16. Qd2 {
[%clk 00:01:19]  [%emt 00:00:33]} 16... Rdh8 {[%clk 00:03:29]  [%emt 00:00:29]}
17. Re2 {[%clk 00:01:20]  [%emt 00:00:03]} 17... c6 {
[%clk 00:03:15]  [%emt 00:00:13]} 18. Nc3 {[%clk 00:01:08]  [%emt 00:00:21]}
18... Nf6 {[%clk 00:01:56]  [%emt 00:01:19]} 19. Ng5 {
[%clk 00:00:55]  [%emt 00:00:13]} 19... Nf4 {[%clk 00:01:10]  [%emt 00:00:52]}
20. Re3 {[%clk 00:00:11]  [%emt 00:00:45]} 20... Bg2 {
[%clk 00:00:52]  [%emt 00:00:23]} 21. Bxg2 {[%clk 00:00:08]  [%emt 00:00:06]}
21... Nxg2 {[%clk 00:00:27]  [%emt 00:00:25]} 22. Kxg2 {
[%clk 00:00:05]  [%emt 00:00:33]} 22... Rxh2+ {[%clk 00:00:27]  [%emt 00:00:04]
} 23. Kf1 {[%clk 00:00:07]} 23... Rh1+ {[%clk 00:00:27]} 24. Ke2 {
[%clk 00:00:09]} 24... Qg4+ {[%clk 00:00:20]} 25. Nf3 {[%clk 00:00:09]} 25...
Rxa1 {[%clk 00:00:22]} 26. Qc2 {[%clk 00:00:04]  [%emt 00:00:03]} 26... Rhh1 {
[%clk 00:00:21]  [%emt 00:00:06]} 27. Kd2 {[%clk 00:00:05]} 27... Rac1 {
[%clk 00:00:14]  [%emt 00:00:10]} 28. Qb3 {[%clk 00:00:05]  [%emt 00:00:07]}
28... Qh3 {[%clk 00:00:13]  [%emt 00:00:03]} 29. Ne2 {[%clk 00:00:05]} 29...
Rcd1+ {[%clk 00:00:14]  [%emt 00:00:03]} 30. Qxd1 {
[%clk 00:00:05]  [%emt 00:00:13]} 30... Rxd1+ {[%clk 00:00:16]} 31. Kxd1 {
[%clk 00:00:07]} 31... Qf1+ {[%clk 00:00:18]} 32. Kd2 {
[%clk 00:00:08]  [%emt 00:00:04]} 32... Ng4 {[%clk 00:00:20]} 33. Ng5 {
[%clk 00:00:05]} 33... Nxe3 {[%clk 00:00:20]} 34. Kxe3 {
[%clk 00:00:06]  [%emt 00:00:03]} 34... f6 {[%clk 00:00:20]} 35. Nf3 {
[%clk 00:00:07]  [%emt 00:00:04]} 35... Qb1 {[%clk 00:00:22]} 36. b3 {
[%clk 00:00:08]  [%emt 00:00:03]} 36... Qxa2 {[%clk 00:00:24]} 37. b4 {
[%clk 00:00:10]  [%emt 00:00:11]} 37... Qb3 {[%clk 00:00:25]} 38. b5 {
[%clk 00:00:09]  [%emt 00:00:04]} 38... cxb5 {[%clk 00:00:27]} 39. cxb5 {
[%clk 00:00:11]} 39... Qxb5 {[%clk 00:00:29]} 40. Nc3 {[%clk 00:00:12]} 40...
Qc5+ {[%clk 00:00:30]  [%emt 00:00:08]} 41. Kd2 {[%clk 00:00:14]} 41... a5 {
[%clk 00:00:33]} 42. Ne1 {[%emt 00:00:06]} 0-1

[Event "Cerrado Blitz Benimodo 2018"]
[Site "Benimodo, Spain"]
[Date "2018.08.13"]
[Round "6.1"]
[White "Galvan, Jesus"]
[Black "Valentin Pascual, Cesar"]
[Result "1-0"]
[WhiteElo "2225"]
[BlackElo "2098"]
[PlyCount "165"]
[EventDate "2018.??.??"]

1. d4 {[%clk 00:07:04]  [%emt 00:00:31]} 1... Nf6 {[%clk 00:07:04]} 2. c4 {
[%clk 00:07:05]} 2... Nc6 {[%clk 00:07:05]} 3. Nf3 {[%clk 00:07:06]} 3... e6 {
[%clk 00:06:58]  [%emt 00:00:04]} 4. a3 {[%clk 00:07:08]} 4... a5 {
[%clk 00:06:58]} 5. Nc3 {[%clk 00:07:09]} 5... d5 {
[%clk 00:06:23]  [%emt 00:00:29]} 6. Bg5 {[%clk 00:06:58]  [%emt 00:00:27]}
6... Be7 {[%clk 00:06:09]  [%emt 00:00:09]} 7. e3 {[%clk 00:06:59]} 7... h6 {
[%clk 00:06:01]  [%emt 00:00:12]} 8. Bh4 {[%clk 00:07:00]} 8... O-O {
[%clk 00:05:03]  [%emt 00:01:02]} 9. Bd3 {[%clk 00:06:56]  [%emt 00:00:08]}
9... Bd7 {[%clk 00:04:12]  [%emt 00:00:51]} 10. O-O {
[%clk 00:06:55]  [%emt 00:00:11]} 10... dxc4 {[%clk 00:03:53]  [%emt 00:00:14]}
11. Bxc4 {[%clk 00:06:57]  [%emt 00:00:06]} 11... Nd5 {
[%clk 00:03:53]  [%emt 00:00:07]} 12. Bg3 {[%clk 00:06:41]  [%emt 00:00:11]}
12... Nxc3 {[%clk 00:03:31]  [%emt 00:00:49]} 13. bxc3 {
[%clk 00:06:43]  [%emt 00:00:04]} 13... Bd6 {[%clk 00:03:28]} 14. Bh4 {
[%clk 00:06:39]} 14... Be7 {[%clk 00:03:25]} 15. Bxe7 {
[%clk 00:05:50]  [%emt 00:00:44]} 15... Qxe7 {[%clk 00:03:19]  [%emt 00:00:20]}
16. e4 {[%clk 00:05:52]} 16... a4 {[%clk 00:03:00]  [%emt 00:00:13]} 17. e5 {
[%clk 00:05:32]  [%emt 00:00:23]} 17... Na5 {[%clk 00:03:00]  [%emt 00:00:16]}
18. Bd3 {[%clk 00:05:34]} 18... Nb3 {[%clk 00:02:58]  [%emt 00:00:11]} 19. Ra2
{[%clk 00:05:36]} 19... c5 {[%clk 00:02:52]} 20. Bc2 {
[%clk 00:04:14]  [%emt 00:01:16]} 20... Bb5 {[%clk 00:01:36]  [%emt 00:01:19]}
21. Re1 Bc4 {[%emt 00:00:09]} 22. Bd3 {[%clk 00:04:06]  [%emt 00:00:06]} 22...
Bxd3 {[%clk 00:01:32]  [%emt 00:00:37]} 23. Qxd3 {[%clk 00:04:08]} 23... cxd4 {
[%clk 00:01:35]} 24. cxd4 {[%clk 00:04:10]} 24... Rfd8 {
[%clk 00:01:35]  [%emt 00:00:04]} 25. Qc4 {[%clk 00:03:40]  [%emt 00:00:06]}
25... Qd7 {[%clk 00:01:26]  [%emt 00:00:15]} 26. h4 {
[%clk 00:02:04]  [%emt 00:01:36]} 26... Nxd4 {[%clk 00:01:08]  [%emt 00:00:21]}
27. Nxd4 {[%clk 00:01:41]  [%emt 00:00:26]} 27... Qxd4 {[%clk 00:01:10]} 28.
Qxd4 {[%clk 00:01:34]  [%emt 00:00:28]} 28... Rxd4 {[%clk 00:01:12]} 29. Rb2 {
[%clk 00:01:34]} 29... Ra7 {[%clk 00:01:07]} 30. g3 {
[%clk 00:01:20]  [%emt 00:00:11]} 30... Rd3 {[%clk 00:01:08]  [%emt 00:00:17]}
31. Ra1 {[%clk 00:01:22]} 31... Rd5 {[%clk 00:01:05]  [%emt 00:00:04]} 32. Re1
{[%clk 00:01:21]} 32... Rd3 {[%clk 00:01:06]} 33. Ra1 {
[%clk 00:01:17]  [%emt 00:00:04]} 33... Rb3 {[%clk 00:01:03]  [%emt 00:00:07]}
34. Rd2 {[%clk 00:01:06]  [%emt 00:00:12]} 34... Ra5 {
[%clk 00:01:02]  [%emt 00:00:11]} 35. Rd8+ {[%clk 00:00:59]  [%emt 00:00:31]}
35... Kh7 {[%clk 00:01:05]} 36. Rd7 {[%clk 00:00:58]} 36... Kg6 {
[%clk 00:01:06]  [%emt 00:00:04]} 37. h5+ {[%clk 00:01:01]} 37... Kxh5 {
[%clk 00:01:08]} 38. Rxf7 {[%clk 00:01:02]} 38... Rxe5 {[%clk 00:01:01]} 39.
Rxg7 {[%clk 00:01:03]} 39... Rd5 {[%clk 00:00:45]  [%emt 00:00:07]} 40. Kg2 {
[%clk 00:01:05]} 40... Rg5 {[%clk 00:00:40]  [%emt 00:00:28]} 41. Rh1+ {
[%clk 00:00:54]} 41... Kg4 {[%clk 00:00:42]} 42. Rh4+ {[%clk 00:00:56]} 42...
Kf5 43. Rf7+ {[%clk 00:00:27]  [%emt 00:00:32]} 43... Kg6 {
[%clk 00:00:43]  [%emt 00:00:05]} 44. Rff4 {[%clk 00:00:19]  [%emt 00:00:08]}
44... b5 {[%clk 00:00:41]  [%emt 00:00:10]} 45. Rf3 {
[%clk 00:00:17]  [%emt 00:00:04]} 45... Rxf3 {[%clk 00:00:11]  [%emt 00:00:29]}
46. Kxf3 {[%clk 00:00:19]  [%emt 00:00:22]} 46... Rd5 {[%clk 00:00:14]} 47. Ke2
{[%clk 00:00:13]  [%emt 00:00:11]} 47... Rc5 {[%clk 00:00:15]} 48. Kd2 {
[%clk 00:00:15]} 48... Rf5 {[%clk 00:00:17]} 49. Ke2 {[%clk 00:00:10]} 49...
Rc5 {[%clk 00:00:19]} 50. Kd3 {[%clk 00:00:12]  [%emt 00:00:04]} 50... Rd5+ {
[%clk 00:00:18]} 51. Kc3 {[%clk 00:00:12]} 51... Rf5 52. f4 {[%emt 00:00:04]}
52... Rc5+ {[%clk 00:00:22]} 53. Kb2 {[%clk 00:00:14]} 53... Rd5 {
[%clk 00:00:23]  [%emt 00:00:16]} 54. Kc3 {[%clk 00:00:15]} 54... Rc5+ {
[%clk 00:00:25]} 55. Kb4 {[%clk 00:00:07]  [%emt 00:00:04]} 55... Rd5 {
[%clk 00:00:22]} 56. Rg4+ {[%clk 00:00:07]  [%emt 00:00:04]} 56... Kf5 {
[%clk 00:00:22]  [%emt 00:00:08]} 57. Rg8 {[%clk 00:00:09]} 57... Ke4 {
[%clk 00:00:19]  [%emt 00:00:07]} 58. Rg6 {[%clk 00:00:06]  [%emt 00:00:07]}
58... Kf3 {[%clk 00:00:19]  [%emt 00:00:04]} 59. Rxh6 {[%clk 00:00:08]} 59...
Kxg3 {[%clk 00:00:19]} 60. Rxe6 {[%clk 00:00:09]} 60... Kxf4 {[%clk 00:00:21]}
61. Rb6 {[%clk 00:00:10]  [%emt 00:00:04]} 61... Rd3 {
[%clk 00:00:18]  [%emt 00:00:04]} 62. Rxb5 {[%clk 00:00:09]  [%emt 00:00:06]}
62... Rb3+ {[%emt 00:00:06]} 63. Kxa4 {[%clk 00:00:08]} 63... Rd3 {
[%clk 00:00:12]  [%emt 00:00:05]} 64. Rc5 {[%clk 00:00:06]  [%emt 00:00:26]}
64... Ke4 {[%clk 00:00:11]} 65. Kb4 {[%clk 00:00:07]} 65... Rd1 {
[%clk 00:00:11]  [%emt 00:00:10]} 66. a4 {[%clk 00:00:08]} 66... Kd4 {
[%clk 00:00:13]} 67. Rc8 {[%clk 00:00:10]} 67... Rb1+ {[%clk 00:00:15]} 68. Ka5
{[%clk 00:00:12]} 68... Kd5 {[%clk 00:00:17]} 69. Ka6 Kd6 70. a5 {
[%clk 00:00:16]  [%emt 00:00:04]} 70... Kd7 {[%clk 00:00:23]} 71. Rc2 {
[%clk 00:00:17]} 71... Ra1 {[%clk 00:00:24]} 72. Kb6 {[%clk 00:00:17]} 72...
Rb1+ {[%clk 00:00:26]} 73. Ka7 {[%clk 00:00:19]} 73... Ra1 {[%clk 00:00:28]}
74. a6 {[%clk 00:00:21]  [%emt 00:00:18]} 74... Ra3 {[%clk 00:00:30]} 75. Rc5 {
[%clk 00:00:19]} 75... Kd6 {[%clk 00:00:32]} 76. Rc8 {
[%clk 00:00:20]  [%emt 00:00:07]} 76... Kd7 {[%clk 00:00:34]} 77. Rc2 {
[%clk 00:00:21]} 77... Kd6 {[%clk 00:00:36]} 78. Kb7 {[%clk 00:00:22]} 78...
Rb3+ {[%clk 00:00:38]} 79. Ka8 {[%clk 00:00:18]} 79... Ra3 {
[%clk 00:00:38]  [%emt 00:00:03]} 80. a7 {[%clk 00:00:17]} 80... Kd7 {
[%clk 00:00:40]} 81. Rc5 {[%clk 00:00:15]  [%emt 00:00:04]} 81... Ra4 {
[%clk 00:00:40]  [%emt 00:00:04]} 82. Kb7 {[%clk 00:00:10]  [%emt 00:00:09]}
82... Rb4+ {[%clk 00:00:42]} 83. Ka6 {[%clk 00:00:12]  [%emt 00:00:03]} 1-0